[Event "Relampago R-023 corr"]
[Site "CXV corr"]
[Date "2001.04.22"]
[Round "?"]
[White "Alves, Lucas"]
[Black "Boffa, Sergio Roberto"]
[Result "0-1"]
[WhiteElo "1460"]
[BlackElo "1994"]
[PlyCount "42"]
[EventDate "2001.??.??"]
[EventType "tourn (corr)"]
[EventRounds "6"]
[EventCountry "BRA"]
[SourceTitle "Corr 2004"]
[Source "ChessBase"]
[SourceDate "2003.04.28"]
[SourceVersion "3"]
[SourceVersionDate "2003.04.28"]
[SourceQuality "1"]

1. Nf3 d5 2. e3 Bf5 3. Bb5+ c6 4. Bd3 Bg4 5. 0-0 Nd7 6. h3 Bxf3 7. Qxf3 e5 8. Re1 e4 9. Bxe4 dxe4 10. Qxe4+ Be7 11. Nc3 Ngf6 12. Qb4 Bxb4 13. a3 Bxc3 14. dxc3 0-0 15. Rb1 Qa5 16. Rd1 Qf5 17. Rd2 Ne4 18. Rd4 Qxf2+ 19. Kh2 Ne5 20. Rxe4 Nf3+ 21. Kh1 Qg1# 0-1

[Event "Relampago R-023 corr"]
[Site "CXV corr"]
[Date "2001.02.07"]
[Round "?"]
[White "Muehlenbruch Guimaraes, Herley"]
[Black "Alves, Lucas"]
[Result "1-0"]
[WhiteElo "1646"]
[BlackElo "1469"]
[PlyCount "67"]
[EventDate "2001.??.??"]
[EventType "tourn (corr)"]
[EventRounds "6"]
[EventCountry "BRA"]
[SourceTitle "Corr 2004"]
[Source "ChessBase"]
[SourceDate "2003.04.28"]
[SourceVersion "3"]
[SourceVersionDate "2003.04.28"]
[SourceQuality "1"]

1. e4 d6 2. f4 a5 3. Nc3 Ra6 4. Bxa6 bxa6 5. Nf3 Bg4 6. 0-0 Nc6 7. h3 Bh5 8. d4 Nb4 9. d5 Qa8 10. a3 Qa7+ 11. Kh1 e5 12. axb4 axb4 13. Ne2 Ne7 14. g4 Bg6 15. f5 Bxf5 16. gxf5 c6 17. Qd3 cxd5 18. Qxa6 Qxa6 19. Rxa6 Nc8 20. Bd2 Be7 21. Bxb4 dxe4 22. Nd2 e3 23. Ne4 h5 24. Nxd6+ Kd7 25. Nxc8 Bxb4 26. Nb6+ Kc6 27. Nc4+ Kb5 28. c3 Be7 29. Ra7 Re8 30. Nxe5 Kb6 31. Rfa1 Bd8 32. b4 Rxe5 33. Nd4 e2 34. R1a6# 1-0

[Event "Relampago R-023 corr"]
[Site "CXV corr"]
[Date "2001.01.30"]
[Round "?"]
[White "Alves, Lucas"]
[Black "Senis, Enrico"]
[Result "0-1"]
[WhiteElo "1483"]
[BlackElo "1522"]
[PlyCount "34"]
[EventDate "2001.??.??"]
[EventType "tourn (corr)"]
[EventRounds "6"]
[EventCountry "BRA"]
[SourceTitle "Corr 2004"]
[Source "ChessBase"]
[SourceDate "2003.04.28"]
[SourceVersion "3"]
[SourceVersionDate "2003.04.28"]
[SourceQuality "1"]

1. d3 d5 2. Nc3 d4 3. Nb5 Nc6 4. Bf4 e5 5. Bg3 Nf6 6. Bh4 a6 7. Na3 Bb4+ 8. c3 dxc3 9. Nc2 cxb2+ 10. Nxb4 bxa1R 11. Qxa1 Nxb4 12. Qb1 Qd4 13. g3 Qc3+ 14. Kd1 Bd7 15. Qc1 Ba4+ 16. Qc2 Bxc2+ 17. Kc1 Nxa2# 0-1